| 000 | 00551nam a2200205Ii 4500 | ||
|---|---|---|---|
| 003 | JO-AjNU | ||
| 008 | 230606s9999||||xx |||||||||||||| ||und|| | ||
| 020 | _a978-0-465-03914-2 | ||
| 040 |
_aJO-AjNU _beng _erda _cJO-AjNU |
||
| 041 | _aeng | ||
| 050 | 1 | 4 | _aQA76.2006 |
| 100 | 3 |
_aLessig,LAWRENCE, _eauthor _9567 |
|
| 245 | 0 | 0 | _aCode version 2.0 |
| 264 | 3 | 1 | _aBASIC BOOKS:NEWYORK,2006 |
| 300 | _a410p | ||
| 336 |
_atext _btxt _2rdacontent |
||
| 337 |
_aunmediated _bn _2rdamedia |
||
| 338 |
_avolume _bnc _2rdacarrier |
||
| 650 | 4 |
_aCode version 2.0 _9568 |
|
| 999 |
_aE300 _c300 _d300 |
||